<?xml version="1.0" encoding="UTF-8"?>
<record
    xmlns:xsi="http://www.w3.org/2001/XMLSchema-instance"
    xsi:schemaLocation="http://www.loc.gov/MARC21/slim http://www.loc.gov/standards/marcxml/schema/MARC21slim.xsd"
    xmlns="http://www.loc.gov/MARC21/slim">

  <leader>02204nam a22002657a 4500</leader>
  <controlfield tag="003">OSt</controlfield>
  <controlfield tag="005">20240425151521.0</controlfield>
  <controlfield tag="008">240424b           ||||| |||| 00| 0 spa d</controlfield>
  <datafield tag="020" ind1=" " ind2=" ">
    <subfield code="a">9789584282200</subfield>
  </datafield>
  <datafield tag="040" ind1=" " ind2=" ">
    <subfield code="c">CO-Mq BPB</subfield>
  </datafield>
  <datafield tag="041" ind1=" " ind2=" ">
    <subfield code="a">spa</subfield>
  </datafield>
  <datafield tag="082" ind1=" " ind2=" ">
    <subfield code="a">AN</subfield>
    <subfield code="b">REDl</subfield>
  </datafield>
  <datafield tag="100" ind1=" " ind2=" ">
    <subfield code="a">Redondo, Dolores</subfield>
    <subfield code="d">1969</subfield>
    <subfield code="e">autora</subfield>
  </datafield>
  <datafield tag="245" ind1=" " ind2=" ">
    <subfield code="a">La cara norte del coraz&#xF3;n </subfield>
  </datafield>
  <datafield tag="250" ind1=" " ind2=" ">
    <subfield code="a">1a. ed.</subfield>
  </datafield>
  <datafield tag="264" ind1=" " ind2=" ">
    <subfield code="a">Bogot&#xE1;:</subfield>
    <subfield code="b">Destino</subfield>
    <subfield code="c">2019</subfield>
  </datafield>
  <datafield tag="300" ind1=" " ind2=" ">
    <subfield code="a">686 p&#xE1;ginas</subfield>
    <subfield code="b">Tapa rustica</subfield>
    <subfield code="c">23 cm</subfield>
  </datafield>
  <datafield tag="490" ind1=" " ind2=" ">
    <subfield code="a">Plan Nacional de Lectura y Escritura Leer es mi Cuento / Ministerio de Cultura</subfield>
  </datafield>
  <datafield tag="521" ind1=" " ind2=" ">
    <subfield code="a">"Cuando Amaia Salazar ten&#xED;a doce a&#xF1;os estuvo perdida en el bosque durante diecis&#xE9;is horas. Era de madrugada cuando la encontraron a treinta kil&#xF3;metros al norte del lugar donde se hab&#xED;a despistado de la senda. Desvanecida bajo la intensa lluvia, la ropa ennegrecida y chamuscada como la de una bruja medieval rescatada de una hoguera, y, en contraste, la piel blanca, limpia y helada como si acabase de surgir del hielo.&#x201D;

En agosto de 2005, mucho antes de los cr&#xED;menes que conmocionaron el valle del Bazt&#xE1;n, una joven Amaia Salazar de veinticinco a&#xF1;os, subinspectora de la Polic&#xED;a Foral, participa en un curso de intercambio para polic&#xED;as de la Europol en la Academia del FBI, en Estados Unidos, que imparte Aloisius Dupree, el jefe de la unidad de investigaci&#xF3;n. Una de las pruebas consiste en estudiar un caso real de un asesino en serie a quien llaman &#xAB;el compositor&#xBB;, que siempre act&#xFA;a durante grandes desastres naturales atacando a familias enteras y siguiendo una puesta en escena casi lit&#xFA;rgica. Amaia se convertir&#xE1; inesperadamente en parte del equipo de la investigaci&#xF3;n que les llevar&#xE1; hasta Nueva Orleans, en v&#xED;speras del peor hurac&#xE1;n de su historia, para intentar adelantarse al asesino...

Pero una llamada de su t&#xED;a Engrasi desde Elizondo despertar&#xE1; en Amaia fantasmas de su infancia, enfrent&#xE1;ndola de nuevo al miedo y a los recuerdos que la dotan de un extraordinario conocimiento de la cara norte del coraz&#xF3;n.</subfield>
  </datafield>
  <datafield tag="521" ind1=" " ind2=" ">
    <subfield code="a">Recomendado para p&#xFA;blico adulto</subfield>
  </datafield>
  <datafield tag="650" ind1=" " ind2=" ">
    <subfield code="a"> Asesinato </subfield>
    <subfield code="x">Novela</subfield>
  </datafield>
  <datafield tag="650" ind1=" " ind2=" ">
    <subfield code="a">Novela espa&#xF1;ola</subfield>
  </datafield>
  <datafield tag="650" ind1=" " ind2=" ">
    <subfield code="a">Novela polic&#xED;aca</subfield>
  </datafield>
  <datafield tag="942" ind1=" " ind2=" ">
    <subfield code="2">ddc</subfield>
    <subfield code="c">BKLIT</subfield>
  </datafield>
  <datafield tag="999" ind1=" " ind2=" ">
    <subfield code="c">15451</subfield>
    <subfield code="d">15451</subfield>
  </datafield>
  <datafield tag="952" ind1=" " ind2=" ">
    <subfield code="0">0</subfield>
    <subfield code="1">0</subfield>
    <subfield code="2">ddc</subfield>
    <subfield code="4">0</subfield>
    <subfield code="7">0</subfield>
    <subfield code="8">LA</subfield>
    <subfield code="a">BPMOS</subfield>
    <subfield code="b">BPMOS</subfield>
    <subfield code="c">FIC</subfield>
    <subfield code="d">2024-04-24</subfield>
    <subfield code="e">Dotaci&#xF3;n PNL 2023</subfield>
    <subfield code="i">NT</subfield>
    <subfield code="l">2</subfield>
    <subfield code="o">AN REDl</subfield>
    <subfield code="p">MOS503593</subfield>
    <subfield code="r">2025-09-22</subfield>
    <subfield code="s">2025-08-29</subfield>
    <subfield code="t">Ej.1</subfield>
    <subfield code="w">2024-04-24</subfield>
    <subfield code="y">BKLIT</subfield>
    <subfield code="z">Quince dias</subfield>
  </datafield>
</record>
